000 00230nam a22000977a 4500
999 _c263441
_d263440
020 _a9780545624640
100 _aKate Howard
245 _aThe Lego movie : junior novel
260 _aNew York
_b Scholastic Inc
_c 2014
942 _cBK